| 000 | 00928nam a2200241Ia 4500 | ||
|---|---|---|---|
| 003 | GCL | ||
| 005 | 20240530104252.0 | ||
| 008 | 140319s9999 xx 000 0 ara d | ||
| 040 |
_aGCL / _cGCL |
||
| 082 | 0 | 4 |
_a962.074 _bق/ع م |
| 100 | 1 | _aعلى محبوب | |
| 245 | 1 | 0 |
_aمصر بعد العبور / _cعلى محبوب ، احمد كمال الطوبجى ، سعد شعبان |
| 260 |
_aالقاهرة : _bالهيئة المصرية العامة للكتاب ، _c1988 |
||
| 300 |
_a699 ص ؛ _c24 سم |
||
| 650 | 0 | 4 | _aمصر |
| 650 | 0 | 4 | _aالنزاع العربى الاسرائيلى |
| 650 | 0 | 4 | _aمعاهدات السلام |
| 650 | 0 | 4 | _aحرب اكتوبر 1973 |
| 650 | 0 | 4 | _aمصر - تاريخ - العصر الحديث - انور السادات (1971 - 1981) |
| 700 | 1 |
_aاحمد كمال الطوبجى _eمؤلف مشارك |
|
| 700 | 1 |
_aسعد شعبان _eمؤلف مشارك |
|
| 942 |
_2ddc _cBK |
||
| 999 |
_c46024 _d46024 |
||